Normal view
MARC view
Entry Personal Name
001 - CONTROL NUMBER
- control field: 51957
003 - CONTROL NUMBER IDENTIFIER
- control field: dpl
005 - DATE AND TIME OF LATEST TRANSACTION
- control field: 20120903143247.0
008 - FIXED-LENGTH DATA ELEMENTS
- fixed length control field: 120903|||a|||||| | ||| d
040 ## - CATALOGING SOURCE
- Original cataloging agency: dpl
- Transcribing agency: dpl
100 ## - HEADING--PERSONAL NAME
- Personal name: Cleaver, Tony
670 ## - SOURCE DATA FOUND
- Source citation: Work cat.: (dpl): Cleaver, Tony, Economics the basics/, 2009
670 ## - SOURCE DATA FOUND
- Source citation: Work cat.: (dpl): Cleaver, Tony, Economics the basics/, 2009
